| 000 | 00727nac a22002171u 4500 | ||
|---|---|---|---|
| 008 | 900621t1991 xxkdk frb f001 0 eng d | ||
| 010 | _a 90042284 | ||
| 020 | _a0674175441 | ||
| 020 | _a9780674175440 | ||
| 082 | 0 | 4 |
_a330.015195 _bGOL _222 |
| 100 | 1 |
_aGoldberger, Arthur Stanley, _935090 _d1930- |
|
| 245 | 1 | 2 |
_aA course in econometrics / _cArthur S. Goldberger. |
| 260 |
_aCambridge, United Kingdom : _bHarvard University Press, _cc.1991. |
||
| 300 |
_axvii, 405 p. : _bchart, forms ; _c25 cm. |
||
| 500 | _aIndex : p. 399-405. | ||
| 504 | _aBibliography : p. 397-398. | ||
| 650 | 0 |
_aEconometrics _93215 |
|
| 653 |
_bBUSECO _cOctober2013 _cFebruary2014 |
||
| 655 |
_vreading book _934232 |
||
| 942 |
_cBB _k330.015195 GOL _2ddc |
||
| 999 |
_c3074 _d3074 |
||